| 000 | 00609nam a2200193Ia 4500 | ||
|---|---|---|---|
| 005 | 20250508154122.0 | ||
| 008 | 008 250505s9999 xx 000 0 eng d | ||
| 037 | _aBooks to be hide in OPAC | ||
| 040 |
_aFEDL _beng _cFEDL |
||
| 041 |
_aeng _2eng |
||
| 084 |
_a016.505, GRE/O _qFEDL |
||
| 245 | 0 | _aHand list of short titles of current periodicals in the science library | |
| 245 | 0 | _cMinistry of Education Science Museum | |
| 250 | _a7 | ||
| 260 |
_aLondon, UK _bHer Majesty's stationery Office _c1953 |
||
| 300 | _aiv,388p. | ||
| 942 |
_cHB _h016.505, GRE/O |
||
| 999 |
_c1347780 _d1347780 |
||